| 000 | 00435nam a2200157Ia 4500 | ||
|---|---|---|---|
| 008 | 230312s9999||||xx |||||||||||||| ||und|| | ||
| 020 | _a0-442-00900-3 | ||
| 082 |
_a004.6 _bVLA |
||
| 100 | _aVlach Jiri | ||
| 245 | 0 | _aBasic Network Theory with Computer Applications | |
| 260 |
_bVan Nostrand Reinhold _aNew York _c1992 |
||
| 300 | _a628 | ||
| 546 | _aEng. | ||
| 650 |
_aComputer _vBasic Concepts , Nodal and Mesh Analysis |
||
| 942 | _cBK | ||
| 999 |
_c3547 _d3547 |
||